000
00225nam a22000857a 4500
008
160916b xxu||||| |||| 00| 0 eng d
100
_9
556
_a
Batra.H.etal
245
_a
Our Enivironment-5
260
_a
New Delhi
_b
PB. Publications
_c
2011
999
_c
3213
_d
3213